La constitución de 1949 (Registro nro. 313911)

Detalles MARC
000 -ENCABEZADO
Número de control [NR] 00657 a2200169 4500
005 - FECHA Y HORA DE LA ÚLTIMA TRANSACCIÓN
control field 20190806102704.0
008 - DE LONGITUD FIJA DE DATOS DE ELEMENTOS - INFORMACIÓN GENERAL
Elementos de longitud fija [NR] 190713b1979 cr ||||| |||| 00| 0 spa d
040 ## - FUENTE DE CATALOGACION [NR]
Agencia de catalogación original [NR] CO-BoUCM
Idioma de catalogación [NR] spa
Quien Cataloga Juan Jose Mateus
Quien Clasifica Juan Jose Mateus
041 0# - CODIGO DE IDIOMA [R]
Código de idioma para texto/pista de sonido o título separado [R] Español
100 10 - ASIENTO PRINCIPAL--NOMBRE PERSONAL [NR]
Nombre personal [NR] Aguilar Bulgarelli, Oscar R.
ID Autoridad 97549
245 13 - MENCION DE TITULO [NR]
Título [NR] La constitución de 1949
Parte restante del título [NR] (antecedentes y proyecciones)
Mención de responsabilidad, etc. [NR] Oscar Aguilar Bulgarelli
260 ## - PUBLICACION, DISTRIBUCION, ETC. (PIE DE IMPRENTA) [R]
Nombre del editor, distribuidor, etc. [R] Editorial Costa Rica
Lugar de publicación, distribución, etc. [R] San José, Costa Rica
Fecha de publicación, distribución, etc. [R] 1979
650 #7 - ASIENTO SECUNDARIO DE MATERIA - TERMINO TEMATICO [R]
9 (RLIN) 11687
Término temático o nombre geográfico como elemento de entrada [NR] Constitución política
Subdivisión geográfica [R] Costa Rica
650 #7 - ASIENTO SECUNDARIO DE MATERIA - TERMINO TEMATICO [R]
9 (RLIN) 12725
Término temático o nombre geográfico como elemento de entrada [NR] Derecho constitucional
942 ## - ELEMENTOS DE ENTRADA AGREGADOS (KOHA)
Tipo de ítem principal el descrito en 300a Libro
Sistema de clasificación DEWEY
Tema principal Ciencia política
Edición 1
Clasificación 342.728601
Parte restante de la signatura top. A283c
Título oculto en OPAC No
Existencias
Total préstamos Signatura topográfica Código de barras Última vez visto Ejemplar Costo de reposición Price effective from Tipo de ítem Perdido Sistema de clasificación Dañado No prestable Tipo de ítem específico Suprimido Ubicación habitual Ubicación actual Localización Fecha de creación Proveedor Forma de adquisición Costo
  342.728601 A283c 100162260 06/12/2024 Ej.1 26000.00 28/06/2019 Libro   DEWEY     Libro   BodegaJK Claustro Préstamo 2 días después de solicitado 28/06/2019 12 Donación 0.00